000 00598nam a2200241Ia 4500
003 OSt
005 20220918174038.0
006 a|||||r|||| 00| 0
007 ta
008 220917b |||||||| |||| 00| 0 eng d
024 _a10,162
037 _cTextual
040 _aARTS
_cARTS
_beng
041 _2eng
_aeng
082 _aQ2:23, M0
100 _aAryan K C
_93895
245 0 _aLittle Goddesses
_b Matrikas
260 _aNew Delhi
_bRekha Prak
_c1980
300 _a73p.
_ccm.
650 _aRELIGION
942 _hQ2:23, M0
_cTEXL
_2CC
999 _c151544
_d151544